| 000 | 01017nam a2200217Ia 4500 | ||
|---|---|---|---|
| 003 | Ost | ||
| 005 | 20260507075029.0 | ||
| 008 | 260507s9999||||xx |||||||||||||| ||und|| | ||
| 040 | _cfsecg | ||
| 041 | _aara | ||
| 082 | _a330 | ||
| 100 |
_aشريف، علي _eمؤلف |
||
| 245 | 0 |
_aإدارة المنظمات الحكومية / _c علي شريف |
|
| 260 |
_aالإسكندرية: _bالدار الجامعية, _c2003 |
||
| 300 |
_a474 صفحة؛ _bإيضاحات ؛ _c24 سم |
||
| 520 | _aالدولة والإدارة والمنظمات، بيئة الإدارة العامة، العمليات الإدارية والتنظيمية، الإدارة العامة المقارنة، التكوين التنظيمي للمنظمات العامة، تصنيف المنظمات العامة، السلطات العامة، الإدارة العامة المقارنة | ||
| 653 | _aالإدارة | ||
| 653 | _aالإدارة الحكومية | ||
| 653 | _aالإدارة العامة | ||
| 942 | _cكتاب | ||
| 999 |
_c42375 _d42375 |
||